000 00337nam a22001457a 4500
008 210309b ||||| |||| 00| 0 eng d
020 _a9780321500052
041 _aeng
080 _22nd
_a510
082 _22nd
_a510
100 _a36
101 _aMAT
245 _aBeginning and Intermediate Algebra
_cRockswold,K.G
942 _2udc
_cBK
999 _c56061
_d56061